| 000 | 00544nam a2200193 a 4500 | ||
|---|---|---|---|
| 005 | 20240702063757.0 | ||
| 008 | 991125s1992 ag 000 0 spa u | ||
| 020 | _a9509095923 | ||
| 035 | _aUPN01000004029 | ||
| 049 | _aCG | ||
| 050 | 4 |
_aLB1177 _aD5.3 |
|
| 100 | 1 | _aDíaz, Mario César | |
| 245 | 1 | 3 |
_aEl aprendizaje de la música en el nivel inicial / _cMario César Díaz, |
| 260 |
_aBuenos Aires : _bBraga, _c1992. |
||
| 300 | _a169 p. | ||
| 440 | 0 | _aDidáctica operativa | |
| 650 | 4 |
_aMúsica _xEstudio y enseñanza _9174 |
|
| 905 | _aLibro | ||
| 999 |
_c4029 _d4029 |
||